Wordt geladen...

Reki Prapancha jeeva sakthi /

Bibliografische gegevens
Taal:Undetermined
Gepubliceerd in: Kochi : Prakasadhara , 1998.
Onderwerpen:
LEADER 00435nam a2200133Ia 4500
001 133677
008 170722s9999 xx 000 0 und d
245 |a Reki  |b Prapancha jeeva sakthi / 
260 |a Kochi :  |b Prakasadhara ,  |c 1998. 
300 |a 127 p. 
653 |a Mysticism 
942 |c GEN 
999 |c 118126  |d 118126 
952 |0 0  |1 0  |4 0  |6 Δ_3R_32N81  |7 0  |9 166958  |a LIB  |b LIB  |d 2017-08-12  |l 1  |o Δ:3R 32N81  |p 231976  |r 2017-08-19  |s 2017-08-15  |v 120.00  |w 2017-08-12  |y GEN